000 00734nam a2200217 i 4500
001 97537
003 ES-MaACL
005 20230906182123.0
007 t|
008 050713s1920 fr ||||1| fre d
100 1 _aMarguerite de Valois
_cReine de France.
_976634
245 1 0 _aMémoires /
_cde Marguerite de Valois, Reine de France; introduction et notes de Paul Bonnefon; orné d'un portrait gravé sur bois par Achille Ouvré.
260 _aParis :
_bBossard,
_c1920.
300 _a265 p. ;
_c19 cm.
490 1 _aChefs d'oeuvre méconnús
700 1 _aBonnefon, Paul.
_930239
700 1 _aOuvré, Achille.
_987990
830 0 _aChefs d'oeuvre méconnús
_9232289
852 _aES-MaACL
_jF-6949
999 _c97537
_d97537